<?xml version="1.0" encoding="UTF-8"?>
<record
    xmlns:xsi="http://www.w3.org/2001/XMLSchema-instance"
    xsi:schemaLocation="http://www.loc.gov/MARC21/slim http://www.loc.gov/standards/marcxml/schema/MARC21slim.xsd"
    xmlns="http://www.loc.gov/MARC21/slim">

  <leader>01892nam0a2200361 i 4500</leader>
  <controlfield tag="001">RU\NLR\BIBL_A\011576185</controlfield>
  <controlfield tag="005">20240921175109.0</controlfield>
  <datafield tag="010" ind1=" " ind2=" ">
    <subfield code="a">9785990693531</subfield>
    <subfield code="9">300</subfield>
  </datafield>
  <datafield tag="021" ind1=" " ind2=" ">
    <subfield code="a">RU</subfield>
    <subfield code="b">2017-95947</subfield>
    <subfield code="9">6894</subfield>
  </datafield>
  <datafield tag="035" ind1=" " ind2=" ">
    <subfield code="a">(RuMoRGB)009487406</subfield>
  </datafield>
  <datafield tag="035" ind1=" " ind2=" ">
    <subfield code="a">(NLR Aleph) 011576185</subfield>
  </datafield>
  <datafield tag="090" ind1=" " ind2=" ">
    <subfield code="a">10823716</subfield>
    <subfield code="c">10823716</subfield>
  </datafield>
  <datafield tag="100" ind1=" " ind2=" ">
    <subfield code="a">20171228d2017    um y0rusy50      ca</subfield>
  </datafield>
  <datafield tag="101" ind1="0" ind2=" ">
    <subfield code="a">rus</subfield>
  </datafield>
  <datafield tag="102" ind1=" " ind2=" ">
    <subfield code="a">RU</subfield>
  </datafield>
  <datafield tag="105" ind1=" " ind2=" ">
    <subfield code="a">a|||z|||001zy</subfield>
  </datafield>
  <datafield tag="200" ind1="1" ind2=" ">
    <subfield code="a">&#x41F;&#x440;&#x430;&#x432;&#x43E; &#x436;&#x438;&#x442;&#x44C;</subfield>
    <subfield code="e">&#x43F;&#x440;&#x430;&#x432;&#x430; &#x438; &#x43B;&#x44C;&#x433;&#x43E;&#x442;&#x44B; &#x440;&#x435;&#x431;&#x435;&#x43D;&#x43A;&#x430;-&#x438;&#x43D;&#x432;&#x430;&#x43B;&#x438;&#x434;&#x430; &#x438; &#x435;&#x433;&#x43E; &#x441;&#x435;&#x43C;&#x44C;&#x438;</subfield>
    <subfield code="e">(&#x43F;&#x43E; &#x441;&#x43E;&#x441;&#x442;&#x43E;&#x44F;&#x43D;&#x438;&#x44E; &#x43D;&#x430; 10.05.2017 &#x433;&#x43E;&#x434;&#x430;)</subfield>
    <subfield code="e">[&#x441;&#x431;&#x43E;&#x440;&#x43D;&#x438;&#x43A;]</subfield>
    <subfield code="f">&#x41F;&#x435;&#x440;&#x43C;&#x441;&#x43A;&#x430;&#x44F; &#x43A;&#x440;&#x430;&#x435;&#x432;&#x430;&#x44F; &#x41E;&#x431;&#x449;&#x435;&#x441;&#x442;&#x432;&#x435;&#x43D;&#x43D;&#x430;&#x44F; &#x43E;&#x440;&#x433;&#x430;&#x43D;&#x438;&#x437;&#x430;&#x446;&#x438;&#x44F; &#x437;&#x430;&#x449;&#x438;&#x442;&#x44B; &#x43F;&#x440;&#x430;&#x432; &#x434;&#x435;&#x442;&#x435;&#x439;-&#x438;&#x43D;&#x432;&#x430;&#x43B;&#x438;&#x434;&#x43E;&#x432; &#x438; &#x438;&#x445; &#x441;&#x435;&#x43C;&#x435;&#x439; "&#x421;&#x447;&#x430;&#x441;&#x442;&#x44C;&#x435; &#x436;&#x438;&#x442;&#x44C;", &#x423;&#x43F;&#x43E;&#x43B;&#x43D;&#x43E;&#x43C;&#x43E;&#x447;&#x435;&#x43D;&#x43D;&#x44B;&#x439; &#x43F;&#x43E; &#x43F;&#x440;&#x430;&#x432;&#x430;&#x43C; &#x440;&#x435;&#x431;&#x435;&#x43D;&#x43A;&#x430; &#x432; &#x41F;&#x435;&#x440;&#x43C;&#x441;&#x43A;&#x43E;&#x43C; &#x43A;&#x440;&#x430;&#x435;</subfield>
    <subfield code="g">[&#x441;&#x43E;&#x441;&#x442;.: &#x410;. &#x413;. &#x413;&#x438;&#x43B;&#x435;&#x432;&#x430;]</subfield>
  </datafield>
  <datafield tag="205" ind1=" " ind2=" ">
    <subfield code="a">3-&#x435; &#x438;&#x437;&#x434;., &#x438;&#x441;&#x43F;&#x440;. &#x438; &#x434;&#x43E;&#x43F;.</subfield>
  </datafield>
  <datafield tag="210" ind1=" " ind2=" ">
    <subfield code="a">&#x41F;&#x435;&#x440;&#x43C;&#x44C;</subfield>
    <subfield code="c">&#x41E;&#x431;&#x449;&#x435;&#x441;&#x442;&#x432;&#x435;&#x43D;&#x43D;&#x430;&#x44F; &#x43E;&#x440;&#x433;&#x430;&#x43D;&#x438;&#x437;&#x430;&#x446;&#x438;&#x44F; "&#x421;&#x447;&#x430;&#x441;&#x442;&#x44C;&#x435; &#x436;&#x438;&#x442;&#x44C;"</subfield>
    <subfield code="d">2017</subfield>
  </datafield>
  <datafield tag="215" ind1=" " ind2=" ">
    <subfield code="a">153, [5] &#x441;.</subfield>
    <subfield code="c">&#x438;&#x43B;., &#x43F;&#x43E;&#x440;&#x442;&#x440;., &#x442;&#x430;&#x431;&#x43B;.</subfield>
    <subfield code="d">21</subfield>
  </datafield>
  <datafield tag="225" ind1="1" ind2=" ">
    <subfield code="a">&#x41F;&#x440;&#x43E;&#x435;&#x43A;&#x442; "&#x41F;&#x440;&#x430;&#x432;&#x43E; &#x436;&#x438;&#x442;&#x44C;"</subfield>
  </datafield>
  <datafield tag="320" ind1=" " ind2=" ">
    <subfield code="a">&#x411;&#x438;&#x431;&#x43B;&#x438;&#x43E;&#x433;&#x440;.: &#x441;. 151</subfield>
  </datafield>
  <datafield tag="320" ind1=" " ind2=" ">
    <subfield code="a">&#x423;&#x43A;&#x430;&#x437;.: &#x441;. 153</subfield>
  </datafield>
  <datafield tag="606" ind1="1" ind2=" ">
    <subfield code="a">&#x414;&#x435;&#x442;&#x438;-&#x438;&#x43D;&#x432;&#x430;&#x43B;&#x438;&#x434;&#x44B;</subfield>
    <subfield code="x">&#x41F;&#x440;&#x430;&#x432;&#x43E;&#x432;&#x430;&#x44F; &#x437;&#x430;&#x449;&#x438;&#x442;&#x430;</subfield>
    <subfield code="y">&#x420;&#x43E;&#x441;&#x441;&#x438;&#x439;&#x441;&#x43A;&#x430;&#x44F; &#x424;&#x435;&#x434;&#x435;&#x440;&#x430;&#x446;&#x438;&#x44F;</subfield>
    <subfield code="9">2220868</subfield>
    <subfield code="3">RU\NLR\AUTH\661333579</subfield>
  </datafield>
  <datafield tag="686" ind1=" " ind2=" ">
    <subfield code="a">&#x425;621.159.04,0</subfield>
    <subfield code="2">rubbk</subfield>
  </datafield>
  <datafield tag="686" ind1="1" ind2=" ">
    <subfield code="a">&#x425;621.159.041</subfield>
  </datafield>
  <datafield tag="702" ind1=" " ind2="1">
    <subfield code="a">&#x413;&#x438;&#x43B;&#x435;&#x432;&#x430;</subfield>
    <subfield code="b">&#x410;. &#x413;.</subfield>
    <subfield code="g">&#x410;&#x43D;&#x430;&#x441;&#x442;&#x430;&#x441;&#x438;&#x44F; &#x413;&#x440;&#x438;&#x433;&#x43E;&#x440;&#x44C;&#x435;&#x432;&#x43D;&#x430;</subfield>
    <subfield code="4">220</subfield>
  </datafield>
  <datafield tag="712" ind1="0" ind2="2">
    <subfield code="4">475</subfield>
    <subfield code="a">"&#x421;&#x447;&#x430;&#x441;&#x442;&#x44C;&#x435; &#x436;&#x438;&#x442;&#x44C;", &#x43F;&#x435;&#x440;&#x43C;&#x441;&#x43A;&#x430;&#x44F; &#x43A;&#x440;&#x430;&#x435;&#x432;&#x430;&#x44F; &#x43E;&#x431;&#x449;&#x435;&#x441;&#x442;&#x432;&#x435;&#x43D;&#x43D;&#x430;&#x44F; &#x43E;&#x440;&#x433;&#x430;&#x43D;&#x438;&#x437;&#x430;&#x446;&#x438;&#x44F; &#x437;&#x430;&#x449;&#x438;&#x442;&#x44B; &#x43F;&#x440;&#x430;&#x432; &#x434;&#x435;&#x442;&#x435;&#x439;-&#x438;&#x43D;&#x432;&#x430;&#x43B;&#x438;&#x434;&#x43E;&#x432; &#x438; &#x438;&#x445; &#x441;&#x435;&#x43C;&#x435;&#x439;</subfield>
    <subfield code="9">483915</subfield>
    <subfield code="3">RU\NLR\AUTH\880408954</subfield>
  </datafield>
  <datafield tag="942" ind1=" " ind2=" ">
    <subfield code="c">BOOK</subfield>
  </datafield>
  <datafield tag="980" ind1=" " ind2=" ">
    <subfield code="a">NBR</subfield>
  </datafield>
</record>
